[Event "HUN-chT 9798"]
[Site "Hungary"]
[Date "1998.??.??"]
[Round "?"]
[White "Sax, Gyula"]
[Black "Kustar, Sandor"]
[Result "1-0"]
[WhiteElo "2545"]
[BlackElo "2380"]

1.e4 c5 2.Nf3 e6 3.d4 cxd4 4.Nxd4 a6 5.Bd3 g6 6.O-O Bg7 7.c3 d6 8.a4 Nc6
9.Be3 Nf6 10.f4 e5 11.Nxc6 bxc6 12.f5 Rb8 13.Qe2 O-O 14.fxg6 hxg6 15.Bg5 Bg4
16.Qe1 Qb6+ 17.Qf2 c5 18.Na3 Be6 19.a5 Qa7 20.Bxf6 Bxf6 21.Qxf6 c4+ 22.Qf2 Qxf2+
23.Rxf2 cxd3 24.Rd1 Rfd8 25.Rxd3 Kf8 26.b4 Ke7 27.Nc2 f5 28.exf5 gxf5 29.g3 Rg8
30.Rfd2 Rbc8 31.Kf2 Rc6 32.b5 axb5 33.Nb4 Rc4 34.Rxd6 Rxc3 35.Nc6+ Kf6 36.Nd8 Re8
37.Rb6 Rc8 38.Nb7 e4 39.a6 Rc3 40.Rd8 e3+ 41.Kf3 Re7 42.a7 Kg7 43.a8=Q Bd5+
44.Rxd5 e2+ 45.Kf4 e1=Q 46.Rg6+ Kxg6 47.Qg8+  1-0

[Event "HUN-chT 9798"]
[Site "Hungary"]
[Date "1998.??.??"]
[Round "?"]
[White "Sax, Gyula"]
[Black "Fogarasi, Tibor"]
[Result "1/2-1/2"]
[WhiteElo "2545"]
[BlackElo "2450"]

1.e4 c5 2.Nf3 e6 3.d4 cxd4 4.Nxd4 a6 5.Bd3 d5 6.exd5 Qxd5 7.O-O Nf6 8.Nc3 Qd8
9.Ne4 Be7 10.c3 Nbd7 11.Ng3 Ne5 12.Bc2 Bd7 13.Qe2 Nc6 14.Rd1 Qc7 15.Bg5 O-O
16.Nh5 Nxh5 17.Qxh5 g6 18.Qh6 Bxg5 19.Qxg5 Rad8 20.h4 Qe5 21.Nf3 Qxg5 22.Nxg5 Ne7
23.Rd2 Bc6 24.Rad1 Rxd2 25.Rxd2 Bd5 26.Ne4 Kg7 27.Nd6 b5 28.a4  1/2-1/2

[Event "HUN-chT 9798"]
[Site "Hungary"]
[Date "1998.??.??"]
[Round "?"]
[White "Kubacsny, Laszlo"]
[Black "Orgovan, Sandor"]
[Result "1-0"]
[WhiteElo "2365"]
[BlackElo "2350"]

1.e4 c5 2.Nf3 e6 3.d4 cxd4 4.Nxd4 a6 5.Bd3 Nc6 6.Nxc6 bxc6 7.O-O Qc7 8.c4 Nf6
9.Qe2 e5 10.Nc3 d6 11.h3 Be7 12.Be3 O-O 13.Rac1 Be6 14.b3 Qb7 15.Na4 d5 16.Bc5 d4
17.f4 Bxc5 18.Nxc5 Qe7 19.fxe5 Nd7 20.Nxd7 Bxd7 21.e6 Qxe6 22.e5 c5 23.Qh5 g6
24.Qg5 h6 25.Qg3 f5 26.exf6 Rxf6 27.Rxf6 Qxf6 28.Bxg6 Qg5 29.Qxg5 hxg5 30.Re1 a5
31.Re7 Rd8 32.Bd3 a4 33.Re5 axb3 34.axb3 g4 35.hxg4 Rb8 36.Bc2 Kf7 37.Rxc5 d3
38.Bxd3 Rxb3 39.Bf5 Bxf5 40.gxf5 Kf6 41.Rd5 Rc3 42.c5 Rc2 43.Kh2 Rc3 44.g3 Rc2+
45.Kh3 Kg5 46.f6+ Kxf6 47.Kh4 Rh2+ 48.Kg4 Re2 49.Kh3 Ke6 50.Rh5 Ke7 51.Rf5 Ke6
52.g4 Re3+ 53.Kh4 Re1 54.Kg5 Re4 55.Rf6+ Ke7 56.c6 Re5+ 57.Kg6 Re4 58.g5 Rc4
59.Kh6 Rc1 60.Kg7 Rc5 61.g6 Rc1 62.Rf7+ Ke8 63.c7 Rc6 64.c8=R+  1-0

[Event "HUN-chT 9798"]
[Site "Hungary"]
[Date "1998.??.??"]
[Round "?"]
[White "Lendvai, Noemi"]
[Black "Kiss, Fernanda"]
[Result "1-0"]
[WhiteElo "2115"]
[BlackElo "2230"]

1.e4 c5 2.Nf3 e6 3.d4 cxd4 4.Nxd4 a6 5.Bd3 Qb6 6.c3 Nc6 7.O-O Be7 8.Nd2 d6
9.a4 Nf6 10.Nc4 Qc7 11.a5 Nd7 12.Be3 Nce5 13.Nb6 Nxb6 14.axb6 Qd8 15.Nb5 O-O
16.Nc7 Rb8 17.Be2 Bd7 18.Qc2 Bc6 19.Rad1 Qd7 20.f4 Ng6 21.c4 f5 22.Bd3 Nh4
23.g3 fxe4 24.Bxe4 Nf5 25.Bf2 Bd8 26.Bxc6 bxc6 27.Nxa6 Ra8 28.Nc5 Qe7 29.Ne4 c5
30.Nxd6 Bxb6 31.Ne4 Rfd8 32.b4 h5 33.Nxc5 h4 34.Rxd8+ Rxd8 35.Re1 hxg3 36.hxg3 Nd4
37.Qe4 Bxc5 38.bxc5 Qf6 39.Bxd4 Rxd4 40.Qxe6+ Qxe6 41.Rxe6 Rxc4 42.Rc6 g5
43.Rg6+  1-0

[Event "Kassel op"]
[Site "Kassel"]
[Date "1998.??.??"]
[Round "6"]
[White "Meijers, Viesturs"]
[Black "Brustkern, Juergen"]
[Result "1-0"]
[WhiteElo "2440"]
[BlackElo "2230"]

1.e4 c5 2.Nf3 e6 3.d4 cxd4 4.Nxd4 a6 5.Bd3 Qb6 6.Nf3 d6 7.O-O Nc6 8.c4 Nf6
9.Nc3 Be7 10.Qe2 Qc7 11.Bf4 Ne5 12.Nxe5 dxe5 13.Be3 b6 14.a3 O-O 15.b4 Bb7
16.f3 Rfd8 17.Na4 Nd7 18.Qf2 Qc6 19.b5 Qd6 20.Bc2 axb5 21.cxb5 Ra5 22.Nxb6 Nxb6
23.Bxb6 Rxa3 24.Rad1 Qb8 25.Bxd8 Bxd8 26.Qc5 Ra5 27.Rxd8+ Qxd8 28.Rd1 Qb8
29.Qb6 Ra8 30.Rd7 Qc8 31.Qxb7 Ra1+ 32.Kf2 Qxc2+ 33.Kg3 h5 34.Rxf7 h4+ 35.Kh3 Kh8
36.Rxg7 Ra7 37.Rh7+  1-0

[Event "Independence Cup op"]
[Site "Kiev"]
[Date "1998.??.??"]
[Round "1"]
[White "Maliszewski, K."]
[Black "Lysak, Igor"]
[Result "1-0"]
[WhiteElo "2350"]
[BlackElo "2155"]

1.e4 c5 2.Nf3 e6 3.d4 cxd4 4.Nxd4 a6 5.Bd3 Nc6 6.Nxc6 dxc6 7.O-O Qc7 8.Kh1 e5
9.f4 Bd6 10.Nd2 Be6 11.f5 Bd7 12.Nc4 Bc5 13.Qg4 Bf8 14.Qg3 f6 15.Be3 c5 16.a4 Ne7
17.Qf2 Nc8 18.a5 Bb5 19.Nb6 Rb8 20.Nd5 Qd6 21.Bxb5+ axb5 22.Rfd1 Qc6 23.Qe2 Nd6
24.Qh5+ Nf7 25.a6 Bd6 26.a7 Ra8 27.b4 O-O 28.Qe2 Rfd8 29.c4 bxc4 30.b5 Qxb5
31.Rdb1 Qc6 32.Qxc4 Bf8 33.h3 Kh8 34.Nb6 Nd6 35.Qxc5 Qxe4 36.Bg1 Nxf5 37.Qf2 Rxa7
38.Re1 Rxa1 39.Rxe4 Rdd1 40.Qxf5 Rxg1+ 41.Kh2  1-0

[Event "Kiev-ch"]
[Site "Kiev"]
[Date "1998.??.??"]
[Round "2"]
[White "Berezin, Victor"]
[Black "Perun, Sergey"]
[Result "0-1"]
[WhiteElo "2330"]
[BlackElo "2375"]

1.e4 c5 2.Nf3 e6 3.d4 cxd4 4.Nxd4 a6 5.Bd3 Qb6 6.Nb3 Qc7 7.a4 b6 8.Be3 Nf6
9.O-O Bb7 10.N1d2 d6 11.f4 Nbd7 12.Qe2 Be7 13.Bd4 e5 14.Be3 O-O 15.c4 exf4
16.Bxf4 Rfe8 17.Nd4 Nc5 18.Bg3 g6 19.Bc2 Nh5 20.Be1 Ne6 21.Nxe6 fxe6 22.Bf2 Bg5
23.Nf3 Nf4 24.Qd1 Bh6 25.Rc1 Rf8 26.Bb1 Nh3+ 27.gxh3 Bxc1 28.Qb3 Bh6 29.Bxb6 Qc6
30.Bd4 Rf7 31.c5 dxc5 32.Bc3 Raf8 33.Kg2 c4 34.Qd1 Qd7 35.Qe2 Qxa4 36.Bc2 Qb5
37.h4 Bg7 38.Qe3 Qh5 39.h3 Rf4 40.Bb4 R8f7 41.Ba3 Bh6 42.Qe2 Rxh4 43.Bd1 Bxe4
44.Qe1 Rhf4 45.Qg3 Bf8 46.Bxf8 Rxf8 47.b3 c3  0-1

[Event "Independence Cup op"]
[Site "Kiev"]
[Date "1998.??.??"]
[Round "2"]
[White "Berezin, Victor"]
[Black "Perun, Sergey"]
[Result "1/2-1/2"]
[WhiteElo "2330"]
[BlackElo "2375"]

1.e4 c5 2.Nf3 e6 3.d4 cxd4 4.Nxd4 a6 5.Bd3 Qb6 6.Nb3 Qc7 7.Be3 Nf6 8.a4 d5
9.N1d2 Be7 10.O-O O-O 11.a5 Nbd7 12.f4 dxe4 13.Nxe4 Nd5 14.Bd2 N7f6 15.Nxf6+ Bxf6
16.c4 Ne7 17.Qc2 h6 18.Be3 Bd7 19.Bb6 Qc8 20.Qe2 Re8 21.Nd2 Bc6 22.Ne4 Bxe4
23.Qxe4 Bxb2 24.Qh7+ Kf8 25.Ra2 Bf6 26.Rd2 g6 27.Qxh6+ Kg8 28.h4 Nf5 29.Bxf5 exf5
30.h5 Bg7 31.Qg5 Qe6 32.Rfd1 Bf8 33.hxg6 Qxg6  1/2-1/2

[Event "Klatovy op-A"]
[Site "Klatovy"]
[Date "1998.??.??"]
[Round "?"]
[White "Novotny, J."]
[Black "Koutecky, Vaclav"]
[Result "0-1"]
[WhiteElo "2020"]
[BlackElo "1830"]

1.e4 c5 2.Nf3 e6 3.d4 cxd4 4.Nxd4 a6 5.Bd3 Qc7 6.Qe2 Ne7 7.c4 Nbc6 8.Nxc6 Nxc6
9.O-O g6 10.Nc3 Bg7 11.Be3 O-O 12.Rac1 Nd4 13.Qd2 f5 14.exf5 Nxf5 15.Bxf5 Rxf5
16.Ne4 b6 17.Nd6 Rh5 18.Bf4 Bb7 19.Nxb7 Qxb7 20.Rcd1 Qc6 21.b3 Rf8 22.Bg3 Rf7
23.Qd6 Qb7 24.Rfe1 Rhf5 25.Re2 Bf8 26.Qc7 Qxc7 27.Bxc7 Bc5 28.Rdd2 d5 29.Be5 dxc4
30.bxc4 Bxf2+ 31.Rxf2 Rxe5 32.Rxf7 Kxf7 33.Rd7+ Kf6 34.Rxh7 Re1+ 35.Kf2 Ra1
36.Kf3 Rxa2 37.Rb7 Rb2 38.c5 b5 39.c6 b4 40.Rb6 a5 41.Rb5 Rc2 42.Rxa5 Rxc6
43.Rb5 Rc3+ 44.Ke4 Rc2 45.Kf3 Rb2 46.h4 b3 47.g4 Rb1 48.g5+ Ke7 49.Kg2 b2
50.Rb7+ Ke8 51.Kh2 e5 52.Kg2 Kf8  0-1

[Event "RUS-ch U18 Girls"]
[Site "Kolontaevo"]
[Date "1998.??.??"]
[Round "?"]
[White "Zimina, Olga"]
[Black "Gassij, Oksana"]
[Result "0-1"]
[WhiteElo "2195"]
[BlackElo "2125"]

1.e4 c5 2.Nf3 e6 3.d4 cxd4 4.Nxd4 a6 5.Bd3 Bc5 6.Nb3 Ba7 7.Nc3 Nc6 8.O-O Nge7
9.Kh1 O-O 10.Qh5 Nb4 11.f4 f5 12.Bd2 Nxd3 13.cxd3 Rf6 14.Ne2 b5 15.Rac1 Rh6
16.Qg5 Rg6 17.Qh5 Rh6 18.Qf3 Nc6 19.exf5 Qh4 20.h3 Bb7 21.Nc5 Bxc5 22.Rxc5 Nd8
23.Be1 Bxf3 24.Bxh4 Bxe2 25.Re1 Rxh4 26.Rxe2 Rxf4 27.fxe6 Nxe6 28.Rce5 Raf8
29.Kh2  0-1

[Event "Korinthos op"]
[Site "Korinthos"]
[Date "1998.??.??"]
[Round "1"]
[White "Ricci, Marco"]
[Black "Banikas, Hristos"]
[Result "0-1"]
[WhiteElo "2190"]
[BlackElo "2495"]

1.e4 c5 2.Nf3 e6 3.d4 cxd4 4.Nxd4 a6 5.Bd3 b5 6.a4 b4 7.a5 Bb7 8.Be3 Nf6
9.Nd2 d6 10.f3 Nbd7 11.O-O d5 12.N4b3 Bd6 13.Qe2 Qc7 14.g3 dxe4 15.Nxe4 Nxe4
16.Bxe4 Bxe4 17.fxe4 Be5 18.Qf2 O-O 19.Bf4 Nf6 20.Qf3 Bxf4 21.gxf4 Qxc2 22.e5 Ng4
23.Qxg4 Qxb3 24.Rf2 Rac8 25.Rg2 Rc1+ 26.Rxc1 Qe3+ 27.Kh1 Qxc1+ 28.Rg1 Qc6+
29.Rg2  0-1

[Event "MK Cafe Cup-B"]
[Site "Koszalin"]
[Date "1998.??.??"]
[Round "3"]
[White "Ehrenfeucht, Wojciech"]
[Black "Mickiewicz, Piotr"]
[Result "1-0"]
[WhiteElo "2335"]
[BlackElo "2130"]

1.e4 c5 2.Nf3 e6 3.d4 cxd4 4.Nxd4 a6 5.Bd3 Qc7 6.O-O Nf6 7.c4 Nc6 8.Nxc6 bxc6
9.Nc3 Bd6 10.f4 h5 11.e5 Bc5+ 12.Kh1 Ng4 13.Ne4 Qa7 14.Qe2 Rb8 15.b3 Kd8
16.Bd2 a5 17.Rae1 Kc7 18.f5 Bb7 19.Nxc5 Qxc5 20.Bc3 Ra8 21.Qd2 Qe7 22.Bxa5+ Kc8
23.Bb6 c5 24.a4 Qh4 25.Qf4 Qh3 26.Be4 Bxe4 27.Rxe4 Qxb3 28.a5 Qc2 29.Ree1 Ra6
30.Rd1 Qe2  1-0

[Event "MK Cafe Cup-B"]
[Site "Koszalin"]
[Date "1998.??.??"]
[Round "9"]
[White "Zyla, Janusz"]
[Black "Ostrowski, Leszek"]
[Result "1-0"]
[WhiteElo "2300"]
[BlackElo "2340"]

1.e4 c5 2.Nf3 e6 3.d4 cxd4 4.Nxd4 a6 5.Bd3 Qb6 6.Nb3 Qc7 7.Nc3 b5 8.O-O Nf6
9.Kh1 b4 10.Nb1 d5 11.exd5 Nxd5 12.N1d2 Nd7 13.Nc4 N7f6 14.Bg5 Be7 15.Bh4 Nf4
16.Bg3 Bb7 17.Kg1 N6h5 18.Nba5 Nxg3 19.hxg3 Nxd3 20.cxd3 Bd5 21.Qa4+ Kf8
22.Rac1 Rc8 23.Nb6 Qxc1 24.Rxc1 Rxc1+ 25.Kh2 g6 26.Nxd5 exd5 27.Nc6 Bf6 28.Nxb4 Kg7
29.Nxd5 Bxb2 30.Qxa6 Rhc8 31.Qb6 Ba1 32.d4 R8c6 33.Qd8 Bxd4 34.Ne7 R6c4 35.Qg8+ Kf6
36.Nd5+ Ke6 37.Nf4+ Ke7 38.Qxh7 Rc6 39.Qh4+ Ke8 40.Ne2 Bxf2 41.Nxc1 Rxc1
42.Qf4 Bg1+ 43.Kh3 Rc5 44.a4 Kf8 45.Qb4 Kg8 46.a5 Rh5+ 47.Kg4 Rd5 48.Qc3 Bd4
49.Qc4 Rd7 50.Kf3 Ba7 51.g4  1-0

[Event "RUS-ch sf"]
[Site "Krasnodar"]
[Date "1998.??.??"]
[Round "?"]
[White "Gorkavij, Vadim"]
[Black "Averkin, Orest N"]
[Result "0-1"]
[WhiteElo "2290"]
[BlackElo "2430"]

1.e4 c5 2.Nf3 e6 3.d4 cxd4 4.Nxd4 a6 5.Bd3 Nf6 6.O-O d6 7.c4 g6 8.Be3 Bg7
9.Nc3 O-O 10.f3 Nbd7 11.Qe2 Re8 12.Qf2 b6 13.Rfd1 Bb7 14.Nb3 Rb8 15.Bf1 Qc7
16.Qd2 Bf8 17.Rac1 Ba8 18.Nd4 Rbc8 19.Qf2 Qb8 20.b4 Ne5 21.Na4 d5 22.cxd5 Rxc1
23.Rxc1 exd5 24.Bg5 Ned7 25.exd5 Nxd5 26.Bxa6 Nxb4 27.Bb5 Qd6 28.Nb3 Nd3
29.Bxd3 Qxd3 30.Qd2 Qb5 31.Nc3 Qf5 32.h4 Ne5 33.Rf1 Nc4 34.Qf4 Qxf4 35.Bxf4 Bb4
36.Nb5 Bc6 37.N5d4 Bd7 38.Kf2 Ra8 39.Ra1 b5 40.Kg3 Bf8 41.Nc1 h6 42.Rb1 Na3
43.Rb3 f6 44.Nd3 Ra4 45.Ne2 g5 46.hxg5 hxg5 47.Bc1 Bd6+ 48.Kf2 Nc4 49.Nc3 Ra5
50.f4 g4 51.Kg3 Kf7 52.Kf2 Ke6 53.Kg3 f5 54.Kf2 Bc6 55.Kg3 Be7 56.Nb4 Ba8
57.Nc2 Bf6 58.Nxb5 Rxa2 59.Nc7+ Kd7 60.Nxa8 Rxc2 61.Ba3  0-1

[Event "RUS-Cup"]
[Site "Krasnodar"]
[Date "1998.??.??"]
[Round "1"]
[White "Ulibin, Mikhail"]
[Black "Khurtsidze, Nino"]
[Result "1/2-1/2"]
[WhiteElo "2575"]
[BlackElo "2390"]

1.e4 c5 2.Nf3 e6 3.d4 cxd4 4.Nxd4 a6 5.Bd3 Nc6 6.Nxc6 dxc6 7.f4 e5 8.f5 c5
9.c4 Be7 10.Be3 b6 11.Nc3 Bb7 12.Nd5 Bxd5 13.exd5 Nf6 14.Qf3 O-O 15.O-O Ne8
16.Rae1 Nd6 17.b3 a5 18.a4 Re8 19.Bd2 Bg5 20.Bc3 Bf6 21.Be4 Bg5 22.Re2 Ra7
23.g3 f6 24.Kf2 Kf8 25.Ke1 Qd7 26.Kd1 Ke7 27.Kc2 Kd8 28.h4 Bh6 29.Rg1 Kc7
30.Qh5 Qf7 31.Qxf7+ Nxf7 32.Kd3 Kd6 33.Reg2 Rae7 34.Ke2 Kc7 35.Kf3 Nd6 36.Rh1 Kd7
37.Rf1 Kc7 38.Re1 Rg8 39.Reg1 Rge8 40.Rh1 Rf8  1/2-1/2

[Event "Kuopio We KSY"]
[Site "Kuopio"]
[Date "1998.??.??"]
[Round "5"]
[White "Westerinen, Heikki MJ"]
[Black "Seeman, Tarvo"]
[Result "0-1"]
[WhiteElo "2410"]
[BlackElo "2435"]

1.e4 c5 2.Nf3 e6 3.d4 cxd4 4.Nxd4 a6 5.Bd3 Qc7 6.O-O Nf6 7.c4 d6 8.Nc3 Nbd7
9.Be3 g6 10.Rc1 Bg7 11.b3 O-O 12.f3 b6 13.Qd2 Bb7 14.Rfd1 Rac8 15.Bb1 Rfe8
16.Ndb5 axb5 17.Nxb5 Qb8 18.Nxd6 Bf8 19.Nxe8 Rxe8 20.b4 Rc8 21.a3 Bc6 22.Bf4 e5
23.Be3 Be7 24.Qc3 Nf8 25.Ba2 Ne6 26.Rd3 h5 27.Qd2 Nf4 28.Bxf4 exf4 29.Bb3 Be8
30.Rd1 Nh7 31.Qf2 Nf8 32.e5 Ne6 33.Qe2 Qa8 34.Qa2 Qc6 35.Rd5 Qc7 36.Qb2 Ra8
37.R5d3 Bc6 38.Kh1 Ng7 39.Rd4 Ne6 40.R4d3 h4 41.h3 Ng7 42.Rd4 Ne6 43.R4d3 Be8
44.Kh2 Ng7 45.Qc1 Qxe5 46.Rd5 Qc7 47.c5 bxc5 48.bxc5 Nf5 49.R1d2 Ne3 50.R5d4 Bb5  0-1

[Event "Leon op"]
[Site "Leon"]
[Date "1998.??.??"]
[Round "3"]
[White "Baron Rodriguez, Jesus"]
[Black "Strikovic, Aleksa"]
[Result "0-1"]
[WhiteElo "2350"]
[BlackElo "2565"]

1.e4 c5 2.Nf3 e6 3.d4 cxd4 4.Nxd4 a6 5.Bd3 Nf6 6.O-O Qc7 7.c4 Nc6 8.Nxc6 dxc6
9.f4 Bc5+ 10.Kh1 e5 11.f5 h5 12.Qf3 Ng4 13.Nc3 b5 14.Bg5 Bd7 15.Qg3 Qb6 16.Bh4 Be3
17.Ne2 g5 18.fxg6 fxg6 19.h3 g5 20.hxg4 O-O-O 21.Qxe5 hxg4 22.g3 gxh4 23.gxh4 Rxh4+
24.Kg2 Re8 25.Qf6 Rh6 26.Qg7 Rh3 27.Rad1 Qd8  0-1

[Event "Leon op"]
[Site "Leon"]
[Date "1998.??.??"]
[Round "7"]
[White "Galego, Luis"]
[Black "Strikovic, Aleksa"]
[Result "1/2-1/2"]
[WhiteElo "2445"]
[BlackElo "2565"]

1.e4 c5 2.Nf3 e6 3.d4 cxd4 4.Nxd4 a6 5.Bd3 Nf6 6.Nc3 Qc7 7.Be3 Nc6 8.Qe2 Ne5
9.f4 Neg4 10.e5 Nxe3 11.Qxe3 Ng4 12.Qf3 f5 13.O-O-O Nh6 14.h3 Bc5 15.Qh5+ Nf7
16.Nce2 d6 17.Bxf5 exf5 18.e6 g6 19.exf7+ Qxf7 20.Qh6 Bd7 21.Kb1 O-O-O 22.Rd3 Rhe8
23.Rhd1 Kb8 24.Nc3 Bc6 25.Nxc6+ bxc6 26.Qh4 Qe7 27.Qxe7 Rxe7 28.a3 Kc7 29.b4 Ba7
30.Kb2 d5 31.Kb3 Rde8 32.h4 Bf2 33.Rh1 h5 34.Nd1 Be1 35.g3 Re2 36.Rf1 R8e4
37.Nc3 Bxc3 38.Rxc3 Kd6 39.Rd1 R4e3 40.Rdd3 Rxd3 41.Rxd3 Re4 42.Ka4 c5 43.Ka5 c4
44.Rc3 Kc6 45.a4 Re8 46.Rf3 d4 47.Rf1 Rd8 48.Re1 d3 49.cxd3 cxd3 50.Rc1+ Kb7
51.b5 Rd5 52.Rd1 d2 53.Kb4 axb5 54.axb5 Kb6 55.Kc3  1/2-1/2

[Event "Limhamn op"]
[Site "Limhamn"]
[Date "1998.??.??"]
[Round "?"]
[White "Hall, Jesper"]
[Black "Hellsten, Johan"]
[Result "1/2-1/2"]
[WhiteElo "2460"]
[BlackElo "2460"]

1.e4 c5 2.Nf3 e6 3.d4 cxd4 4.Nxd4 a6 5.Bd3 Nf6 6.O-O Qc7 7.Kh1 d5 8.Nc3 dxe4
9.Nxe4 Nbd7 10.b3 Be7 11.Bb2 Nxe4 12.Bxe4 Nf6 13.Bd3 Bd7 14.Re1 h5 15.Qe2 Ng4
16.g3 O-O-O 17.h3 Bc5 18.c3 e5 19.hxg4 hxg4+ 20.Kg1 exd4 21.cxd4 Rde8 22.Qc2 Rxe1+
23.Rxe1 Bd6 24.Qxc7+ Kxc7 25.d5 Rh5 26.Rc1+ Kd8 27.Bxg7 Rxd5 28.Be4 Rd2 29.Bxb7  1/2-1/2

[Event "Ljubljana op"]
[Site "Ljubljana"]
[Date "1998.??.??"]
[Round "2"]
[White "Susnik, Matej"]
[Black "Fercec, Nenad"]
[Result "0-1"]
[WhiteElo "2230"]
[BlackElo "2455"]

1.e4 c5 2.Nf3 e6 3.d4 cxd4 4.Nxd4 a6 5.Bd3 g6 6.O-O Bg7 7.Be3 Ne7 8.Nc3 d5
9.exd5 Nxd5 10.Nxd5 Qxd5 11.Be2 O-O 12.Bf3 Qd7 13.c3 e5 14.Nb3 Qc7 15.Qe2 Re8
16.Bd5 Nc6 17.Nc5 h6 18.Rad1 Kh7 19.Na4 Bf5 20.Bb6 Qe7 21.Qc4 Rac8 22.Bc5 Qf6
23.Nb6 Rc7 24.b4 e4 25.Bd4 Nxd4 26.Qxc7 Re7 27.Qc5 Ne2+ 28.Kh1 Qh4 29.Qe3 Bg4
30.Rfe1 Bf3 31.gxf3 Be5  0-1

[Event "Ljubljana op"]
[Site "Ljubljana"]
[Date "1998.??.??"]
[Round "4"]
[White "Susnik, Matej"]
[Black "Mazi, Leon"]
[Result "0-1"]
[WhiteElo "2230"]
[BlackElo "2420"]

1.e4 c5 2.Nf3 e6 3.d4 cxd4 4.Nxd4 a6 5.Bd3 Qc7 6.O-O Nf6 7.Kh1 d6 8.f4 Nbd7
9.Nc3 Be7 10.Be3 b5 11.e5 dxe5 12.fxe5 Nxe5 13.Bf4 Bb7 14.Qe2 Nfd7 15.Rae1 b4
16.Ne4 Qb6 17.Nf3 Nxd3 18.cxd3 O-O 19.Bg5 f6 20.Be3 Qc6 21.Ng3 Rfe8 22.d4 Qd5
23.b3 a5 24.Qc4 Bd6 25.Qxd5 Bxd5 26.Ne2 g5 27.Nd2 a4 28.Nc4 Be7 29.Nc1 Rec8
30.Nb2 Rc2 31.Nxa4 Rxg2 32.h3 Rxa2+ 33.Kg1 Rg2+ 34.Kh1 Bd6  0-1

[Event "Ljubljana op"]
[Site "Ljubljana"]
[Date "1998.??.??"]
[Round "7"]
[White "Justin, Matijaz"]
[Black "Drazic, Sinisa"]
[Result "1/2-1/2"]
[WhiteElo "2395"]
[BlackElo "2515"]

1.e4 c5 2.Nf3 e6 3.d4 cxd4 4.Nxd4 a6 5.Bd3 Nc6 6.Nxc6 dxc6 7.O-O e5 8.Nd2 Nf6
9.Nc4 Bg4 10.Qe1 Nd7 11.f4 Be6 12.Qg3 h5 13.f5 Bxc4 14.Bxc4 Qe7 15.Be3 h4
16.Qf3 Qb4 17.Bb3 Bc5 18.Bxc5 Qxc5+ 19.Kh1 Nf6 20.Rad1 Ke7 21.a3 b5 22.c3 Rad8
23.Bc2 Rxd1 24.Rxd1 Rd8 25.Rxd8 Kxd8 26.g4 Nh7 27.Kg2 Ng5 28.Qd3+ Ke7 29.b4 Qa7
30.Qd2 f6 31.Qf2 Qxf2+ 32.Kxf2 Kd6 33.Ke3 c5 34.Bb3 c4 35.Bd1 Kc6 36.Be2 Kb6
37.Bf1 Kc6 38.Be2 Nh3 39.Bf1 Ng5 40.Be2  1/2-1/2

[Event "Ljubljana op"]
[Site "Ljubljana"]
[Date "1998.??.??"]
[Round "8"]
[White "Fercec, Nenad"]
[Black "Justin, Matijaz"]
[Result "1-0"]
[WhiteElo "2455"]
[BlackElo "2395"]

1.e4 c5 2.Nf3 e6 3.d4 cxd4 4.Nxd4 a6 5.Bd3 d6 6.O-O g6 7.Be3 Bg7 8.Nd2 Nf6
9.N4b3 Nbd7 10.a4 O-O 11.a5 d5 12.c3 Ne5 13.Bb6 Qd7 14.Bc2 dxe4 15.Nc5 Qe7
16.Ncxe4 Nfd7 17.Bc7 Qh4 18.Ra4 f5 19.Nc5 Qe7 20.Nxe6 Rf6 21.Nxg7 Kxg7 22.Re1 Re6
23.Bb3 Nc5 24.Bxe6 Qxc7 25.Bxc8 Nxa4 26.Qxa4 Rxc8 27.Rxe5 Qxe5 28.Qd7+ Kh6
29.Qxc8 Qe1+ 30.Nf1  1-0

[Event "Ljubljana op"]
[Site "Ljubljana"]
[Date "1998.??.??"]
[Round "9"]
[White "Justin, Matijaz"]
[Black "Farago, Ivan"]
[Result "1/2-1/2"]
[WhiteElo "2395"]
[BlackElo "2475"]

1.e4 c5 2.Nf3 e6 3.d4 cxd4 4.Nxd4 a6 5.Bd3 Nf6 6.O-O Qc7 7.Be3 d6 8.f4 Be7
9.Nd2 Nbd7 10.b4 b6 11.c4 Bb7 12.Rc1 g6 13.Nc2 O-O 14.a3 Rac8 15.Qe2 Rfe8
16.g4 Bf8 17.g5 Nh5 18.Qf2 f5 19.gxf6 Nhxf6 20.Qh4 Bg7 21.Qh3 Nf8 22.Ne1 Bc6
23.Nef3 e5 24.fxe5 dxe5 25.c5 b5 26.Bc2 Qd7 27.Bb3+ Kh8 28.Ng5 Qxh3 29.Nf7+  1/2-1/2

[Event "Miercurea Ciuc op"]
[Site "Miercurea Ciuc"]
[Date "1998.??.??"]
[Round "6"]
[White "Tesla, Vladimir"]
[Black "Schmid, Siegfried"]
[Result "1/2-1/2"]
[WhiteElo "2270"]
[BlackElo "2225"]

1.e4 e6 2.d4 c5 3.Nf3 cxd4 4.Nxd4 a6 5.Bd3 Nc6 6.Nxc6 dxc6 7.O-O e5 8.Be3 Nf6
9.h3 Be6 10.a4 a5 11.Nd2  1/2-1/2

[Event "Miercurea Ciuc op"]
[Site "Miercurea Ciuc"]
[Date "1998.??.??"]
[Round "8"]
[White "Tantau, Adrian"]
[Black "Toth, Cornel"]
[Result "1-0"]
[WhiteElo "2250"]
[BlackElo "2105"]

1.e4 c5 2.Nf3 e6 3.d4 cxd4 4.Nxd4 a6 5.Bd3 Bc5 6.Nb3 Ba7 7.O-O Nc6 8.c4 e5
9.Nc3 Nf6 10.Bg5 h6 11.Bxf6 Qxf6 12.Nd5 Qd8 13.Kh1 Ne7 14.f4 Nxd5 15.exd5 d6
16.fxe5 dxe5 17.Qh5 O-O 18.Qxe5 Bb8 19.Qe4 f5 20.Qe1 Qg5 21.Rf3 f4 22.Nd4 Qe5
23.Ne6 Bxe6 24.dxe6 Bd6 25.Qxe5 Bxe5 26.Rc1 Bd6 27.Be4 Rab8 28.Rd3 Bb4 29.Rcd1 Rfe8
30.Rb3 Bc5 31.Rxb7 Rxb7 32.Bxb7 a5 33.Bc6 Re7 34.Rd8+ Kh7 35.Be4+ g6 36.Bd5 Kg7
37.Rb8 Be3 38.g3 g5 39.Kg2 Kf6 40.Rh8 Kg7 41.Ra8 fxg3 42.hxg3 Bb6 43.Kf3 Kf6
44.a3  1-0

[Event "Montpellier opA"]
[Site "Montpellier"]
[Date "1998.??.??"]
[Round "4"]
[White "Palac, Mladen"]
[Black "Gofshtein, Leonid D"]
[Result "1/2-1/2"]
[WhiteElo "2545"]
[BlackElo "2520"]

1.e4 c5 2.Nf3 e6 3.d4 cxd4 4.Nxd4 a6 5.Bd3 Bc5 6.Nb3 Be7 7.a4 Nc6 8.a5 b6
9.axb6 Qxb6 10.O-O Nf6 11.Nc3 d6 12.Be3 Qb8 13.Na4 Nd7 14.f4  1/2-1/2

[Event "Petrosian mem-J"]
[Site "Moscow"]
[Date "1998.??.??"]
[Round "?"]
[White "Alagulian, Kamo"]
[Black "Kuzuev, Danil"]
[Result "0-1"]
[WhiteElo "2105"]
[BlackElo "2300"]

1.e4 c5 2.Nf3 e6 3.d4 cxd4 4.Nxd4 a6 5.Bd3 Nf6 6.O-O Qc7 7.c4 Nc6 8.Be3 Ne5
9.f3 Nxd3 10.Qxd3 Be7 11.Nc3 O-O 12.Rac1 d6 13.Rfd1 b6 14.Nde2 Nd7 15.b3 Bb7
16.Kh1 Rfd8 17.Qd2 Rac8 18.Bg5 Nf6 19.Be3 Ba8 20.Bd4 Rb8 21.Qe1 Qb7 22.Qg3 Ne8
23.Qf2 b5 24.cxb5 axb5 25.Ba7 Rbc8 26.Bb6 Rd7 27.a4 bxa4 28.bxa4 Qa6 29.Bd4 Rdc7
30.Rb1 Rc6 31.Rb3 Nf6 32.Rdb1 Nd7 33.Qe1 Nc5 34.Bxc5 Rxc5 35.Qd2 h6 36.Rb6 Qa7
37.Qd3 Rc4 38.R6b3 Qc5 39.Rb5 Qc7 40.a5 Bf6  0-1

[Event "EU-ch U18"]
[Site "Murek"]
[Date "1998.??.??"]
[Round "6"]
[White "Bitansky, Igor"]
[Black "Pilaj, Herwig"]
[Result "1-0"]
[WhiteElo "2325"]
[BlackElo "2215"]

1.e4 c5 2.Nf3 e6 3.d4 cxd4 4.Nxd4 a6 5.Bd3 Nf6 6.O-O Qc7 7.c4 Nc6 8.Nxc6 dxc6
9.Nc3 e5 10.h3 Bc5 11.Qf3 Be6 12.a3 a5 13.Bg5 Nd7 14.Nd5 Qb8 15.Ne3 f6 16.Bh4 O-O
17.Rad1 Qa7 18.Nf5 Kh8 19.Be2 Rad8 20.Rd2 a4 21.Rfd1 Bxf5 22.Qxf5 Bd4 23.Kh1 Nc5
24.f4 Nb3 25.Rd3 exf4 26.Bf2 c5 27.Qxf4 Rde8 28.Bxd4 Nxd4 29.Bg4 Re5 30.Bf5 Rfe8
31.Qg4 g6 32.Rg3 g5 33.Qh5 b6 34.h4 gxh4 35.Qxh4 Qe7 36.Bxh7 f5 37.Qxe7 R8xe7
38.Bxf5 Nxf5 39.exf5 Rxf5 40.Rd6 Rh5+ 41.Kg1 Rh4 42.Rxb6 Rxc4 43.Rh6+ Rh7
44.Rxh7+ Kxh7 45.Rc3 Rd4 46.Rxc5 Rd1+ 47.Kh2 Rd2 48.Rc4 Rxb2 49.Rxa4 Ra2
50.Ra6 Kg7 51.Kh3 Kf7 52.g4 Kg7 53.Kh4 Rc2 54.a4 Rc1 55.a5 Ra1 56.Kg5 Ra4
57.Ra7+ Kg8 58.Kf5 Ra1 59.Kg6 Kf8 60.a6 Ra4 61.g5 Ra1 62.Ra8+ Ke7 63.a7  1-0

[Event "GER-ch U17"]
[Site "Oberhof"]
[Date "1998.??.??"]
[Round "?"]
[White "Grafl, Florian"]
[Black "Wegerle, Joerg"]
[Result "0-1"]
[WhiteElo "2165"]
[BlackElo "2095"]

1.e4 c5 2.Nf3 e6 3.d4 cxd4 4.Nxd4 a6 5.Bd3 Nc6 6.Nxc6 dxc6 7.Nd2 e5 8.Qh5 Bd6
9.Nc4 Nf6 10.Nxd6+ Qxd6 11.Qe2 O-O 12.O-O Be6 13.b3 Rfd8 14.Rd1 c5 15.Bg5 Qb6
16.Bxf6 gxf6 17.Qf3 Kg7 18.Qg3+ Kf8 19.Qh4 Ke7 20.Kf1 Rg8 21.Be2 Qc6 22.Rd2 Rg6
23.f3 Rag8 24.g4 h6 25.Rad1 Rc8 26.h3 b5 27.Kg2 Qc7 28.Qg3 h5 29.a4 hxg4
30.hxg4 Qc6 31.axb5 axb5 32.Ra1 Rh6 33.Ra7+ Kf8 34.Ra5 Kg7 35.Ra1 Rch8 36.Rg1 c4
37.bxc4 bxc4 38.Kf1 c3 39.Rd1 Qa4 40.Bd3 Rh3 41.Qf2 Rh2 42.Rg2 Rh1+ 43.Rg1 Bc4
44.Bxc4 Qxc4+ 45.Rd3 Qa2 46.Rxh1 Qa1+ 47.Ke2 Rxh1 48.Rd5 Qc1 49.Kd3 Rf1 50.Qe2 Qa1
51.Kc4 Qa6+ 52.Rb5 Rb1 53.Kc5 Qa3+ 54.Kc6 Qa4 55.g5 fxg5 56.Kb6 Qxb5+ 57.Qxb5 Rxb5+
58.Kxb5 f5 59.exf5 e4 60.fxe4 g4 61.Kc5 g3 62.Kd6 g2 63.Ke7 g1=Q 64.f6+ Kg6
65.e5 Qa7+ 66.Ke6 Qf7+ 67.Kd6 Kf5 68.Kc5 Kxe5  0-1

[Event "RUS-Cup"]
[Site "Omsk/Perm"]
[Date "1998.??.??"]
[Round "2"]
[White "Lastin, Alexander"]
[Black "Novgorodskij, Vladimir"]
[Result "1-0"]
[WhiteElo "2535"]
[BlackElo "2420"]

1.e4 c5 2.Nf3 e6 3.d4 cxd4 4.Nxd4 a6 5.Bd3 Qb6 6.Nb3 Qc7 7.Qe2 d6 8.f4 Nf6
9.Nc3 Nc6 10.g4 b5 11.Be3 Be7 12.O-O-O Rb8 13.Kb1 O-O 14.g5 Nd7 15.e5 dxe5
16.f5 b4 17.f6 Bxf6 18.gxf6 Nxf6 19.Bg5 Nd4 20.Qg2 Ne8 21.Ne4 f5 22.Nxd4 exd4
23.Ng3 Bb7 24.Qe2 Bxh1 25.Qxe6+ Kh8 26.Rxh1 a5 27.Nxf5 Nf6 28.Nxd4  1-0